Royals: Fürstenfamilie von Monaco - Statistiken

Allgemein
  • Dieses Quiz wurde 21 mal gespielt
  • Das Durchschnittsergebnis liegt bei 7 aus 22
Antwortstatistiken
Bildquiz Antwort % Korrekt
Fürst {Albert}
95%
Prinzessin {Caroline}
86%
Fürstin {Charlène}
81%
Prinzessin {Stéphanie}
67%
Prinzessin {Gabriella}
62%
Prinz {Jacques}
52%
{Pierre} Casiraghi
48%
{Andrea} Casiraghi
29%
{Pauline} Ducruet
29%
Prinzessin {Alexandra}
29%
{Charlotte} Casiraghi
19%
{Stefano} Casiraghi
19%
{Beatrice} Casiraghi
14%
{India} Casiraghi
14%
{Louis} Ducruet
14%
{Raphaël} Casiraghi
14%
{Alexandre} Casiraghi
10%
{Dimitri} Rassam
10%
{Francesco} Casiraghi
10%
T{atiana} D{omingo}
10%
{Balthazar} Rassam
5%
{Maximilian} Casiraghi
5%
Keine übereinstimmenden Quizze gefunden
Verteilung der Resultate
Anzahl Personen mit jedem Resultat
Perzentil nach korrekt beantworteten Fragen
Ihre Resultats-Entwicklung
Sie haben dieses Quiz noch nicht gespielt